[Event "EU-ch 15th"]
[Site "Yerevan"]
[Date "2014.03.07"]
[Round "5"]
[White "Jakovenko, Dmitrij"]
[Black "Shimanov, Aleksandr"]
[Result "1-0"]
[WhiteElo "2723"]
[BlackElo "2649"]
[Annotator "Ftacnik,L"]
[PlyCount "69"]
[EventDate "2014.03.03"]
[EventType "swiss"]
[EventRounds "11"]
[EventCountry "ARM"]
[SourceTitle "CBM 160"]
[Source "ChessBase"]
[SourceDate "2014.05.15"]
[SourceVersion "1"]
[SourceVersionDate "2014.05.15"]
[SourceQuality "1"]

1. d4 d5 2. c4 c6 3. Nf3 Nf6 4. e3 a6 5. Nc3 e6 6. b3 Bb4 7. Bd2 O-O 8. Bd3
Nbd7 9. O-O Qe7 {The defence chosen by Shimanov is enjoying a very good
reputation. White will have to play carefully in order to keep the chances
alive even for a small advantage. The significant alternative to the text move
is the immediate retreat of the bishop to d6.} (9... Bd6) 10. Qc2 e5 {Black
enjoys harmoniously developed pieces and is thus feeling prepared for the
instant activity in the centre. Besides that he can choose at least two other
lines that are not so critical.} (10... dxc4 11. bxc4 (11. Bxc4 b5 12. Be2 c5
13. a4 bxa4 14. Nxa4 Bxd2 15. Qxd2 cxd4 16. Nxd4 Bb7 $11 {0-1 Krainski,A-Popov,
V/Bydgoszcz 2001/ (32)}) 11... e5 12. Bf5 (12. Nh4 g6 13. f4 $2 Ng4 14. Nf3
Bxc3 15. Qxc3 e4 16. Bc2 exf3 17. gxf3 Ngf6 18. e4 Nh5 $17 {1/2-1/2ќ Ehlvest,
J-Stripunsky,A/New York 2004/ (44)}) (12. Ne4 Bxd2 13. Nfxd2 (13. Nxf6+ Nxf6
14. dxe5 Ng4 15. Nxd2 g6 $14 {1/2-1/2 Mercadal Benejam,J-Grodzensky,Y/ICCF
Email 1999/IXM98 (29)}) 13... Nxe4 14. Nxe4 f5 15. Nd2 e4 16. Be2 c5 17. d5 Ne5
18. Rab1 Rf6 19. Qc3 b6 20. h3 Bd7 $132 {1-0 Mohr,S-Clara,H/Germany 1990/ (69)}
) 12... Re8 13. Rab1 a5 14. Ne2 exd4 15. Nexd4 g6 16. Bh3 Ne4 17. Bc1 Ndf6 {
1/2-1/2ќ Korotylev,A-Georgiev,V/Wijk aan Zee 2005/ (17)}) (10... h6 $5 11. h3 (
11. Rfe1 e5 12. dxe5 Nxe5 13. Nxe5 Qxe5 14. cxd5 cxd5 15. Ne2 Bd6 16. Ng3 Qe7
17. Bc3 Ng4 18. Bh7+ Kh8 19. Bf5 Bxg3 20. hxg3 Qg5 21. Bxg4 $11 {1/2-1/2ќ
Nielsen,P-Agrest,E/Istanbul 2003/ (39)}) 11... Re8 12. Rad1 e5 (12... dxc4 13.
bxc4 e5 14. Ne4 Nxe4 15. Bxb4 Qxb4 16. Bxe4 exd4 17. exd4 (17. Rxd4 $5 {н/\}
Nf6 18. c5 Qa5 19. Bd3 Be6 20. Rb1 $36) 17... Nf6 $11 {Akopian,V-Gurevich,M 1/
2-1/2 FRA-chT/2004]} (17... Nf6 18. Bd3 c5 19. Rb1 Qa5 20. d5 Qc7 21. Qb2 Qf4
22. Qd2 Qd6 $132)) 13. dxe5 dxc4 14. bxc4 Nxe5 15. Nxe5 Qxe5 16. Na4 Bxd2 17.
Rxd2 b5 $1 18. Nb6 Rb8 19. Nxc8 Rbxc8 20. Rc1 Ne4 $11 {˝-˝ Akopian,
V-Riazantsev,A/Moscow 2005/ (40)}) 11. dxe5 (11. cxd5 $6 Bxc3 12. Qxc3 e4 13.
dxc6 Nd5 $15) (11. Nxd5 $6 cxd5 12. Bxb4 Qxb4 13. dxe5 Ng4 14. cxd5 Ndxe5 15.
Nxe5 Nxe5 16. Bxh7+ Kh8 $15) 11... Nxe5 (11... dxc4 $2 12. exf6 cxd3 13. fxe7
dxc2 14. exf8=Q+ $18) 12. Nxe5 Qxe5 13. cxd5 {A very attractive possibility is
also the little combination which benefits from the unprotected location of
the bishop on b4. With strictly precise defence Black is able to eliminate
White's initiative and hope for equality.} (13. Nxd5 $5 Nxd5 14. cxd5 Bxd2 15.
Qxd2 Qxd5 16. Qc2 (16. Rad1 Bg4 17. f3 Bf5 (17... Be6 18. Qb4 $14) 18. e4 Qc5+
19. Qf2 Qxf2+ 20. Kxf2 Be6 21. Bc4 Rfd8 22. Ke3 $11 {1-0 (50) L'Ami,E (2640)
-Sethuraman,S (2562)/ Dieren 2013/}) 16... g6 (16... Qh5 17. Bc4 Bd7 18. Rfd1
Rad8 19. Rd4 Bg4 20. Qd2 Qg5 21. Bf1 Rxd4 22. Qxd4 Rd8 23. Qb4 Bc8 $11 {
1-0 (38) Tukmakov,V (2551)-Bacrot,E (2709) Odessa 2007/}) (16... h6 17. Qc3 Bf5
18. Bc4 Qe4 19. f3 Qe7 20. e4 Qc5+ 21. Kh1 Be6 22. Rac1 Bxc4 23. Qxc4 Qxc4 24.
bxc4 $11 {1-0 (39) Rychagov,A (2530)-Popov,V (2570)/ Dagomys 2009/}) 17. Qc3
Re8 18. Rfd1 {1/2 (18) Kuzubov,Y (2623)-Eljanov,P (2693) Kiev 2012}) 13... cxd5
14. Ne2 Bd6 (14... Bxd2 15. Qxd2 Bd7 (15... Bg4 16. Ng3 {1/2 (16) Banikas,H 
(2591)-Sulashvili,M (2498) Rethymnon 2010}) 16. Qb4 $14) 15. Ng3 Qg5 (15... Qe7
16. Bc3 h6 17. Qb2 Re8 18. Bxf6 Qxf6 19. Qxf6 gxf6 20. Rac1 Kf8 21. Rfd1 Bg4
22. Be2 $14 {1-0 Ivanchuk,V-Riazantsev,A/Moscow 2005/(40)}) 16. f4 {Strong
grandmasters are no longer able to rely solely on their feeling for a position.
In many schemes and positions it is nearly compulsory for them to know also
about the motifs and solutions which have been emplyed by their colleagues.
Jakovenko has played the line with both colours so he is well acquainted with
the controversial advance of the f-pawn.} (16. Bc3 Ng4 17. Be2 Bxg3 (17... h5
18. Rfd1 h4 19. Nf1 h3 20. g3 Be6 21. Qd2 Rac8 22. f3 Nf6 23. Rac1 Ba3 24. Bb2
Bxb2 25. Qxb2 $11 {1-0 (44) Zhao,Z (2487)-Malakhatko,V (2600) Sydney 2008}) 18.
hxg3 Qh5 19. Bxg4 Bxg4 20. f3 Be6 21. g4 Qg6 22. Qxg6 hxg6 23. g5 $14 {1/2 (59)
Dreev,A (2705)-Riazantsev,A (2608) Sochi 2005}) 16... Qh4 17. Rf3 Re8 $146 {
Shimanov is trying to improve upon the ideas of those players who created the
theory of the variation. The rook on the e-file is putting pressure on the
backward e3-pawn.} (17... g6 18. Be1 $1 (18. Bc3 Bg4 19. Qb2 Nd7 20. Rff1 Rfe8
21. Rae1 Nc5 22. Bb1 Rac8 23. Bf6 Qh6 $11 {0-1 (49) Cheparinov,I (2678)
-Jakovenko,D (2713) Khanty-Mansiysk 2013}) 18... Qh6 19. Bc3 $16 {)} Ne8 $5 (
19... Qh4 20. Qb2 $16 Ng4 21. h3 Nxe3 22. Rxe3 Bxf4 23. Qf2 $18) 20. Nf5 $1
Bxf5 21. Bxf5 Qh4 22. Rd1 (22. Qd1 $1 Nc7 23. Qd4 f6 24. Rh3 $18) 22... Nc7 23.
Rg3 $16 {0-1 (65) Pinter,J (2501)-Gurevich,M (2656) France 2004}) 18. Be1 Qh6
19. Bc3 (19. Nf5 Bxf5 20. Bxf5 g6 21. Rh3 Qf8 22. Bc3 Qe7 23. Bd4 Ne4 $11)
19... Ng4 (19... Bc5 20. Be5 Bxe3+ 21. Rxe3 Ng4 22. Bxh7+ (22. Rf3 Qxh2+ 23.
Kf1 Nxe5 24. fxe5 Bg4 $15) 22... Qxh7 (22... Kh8 23. Bxg7+ Kxg7 24. Nh5+ $1
Qxh5 25. Rh3 $18) 23. Qxh7+ Kxh7 24. Rf3 Nxe5 25. fxe5 Be6 $11) 20. Nf1 Bc5 {
This position could have easily been on Black's board during the preparation,
but its evaluation depends on the exact follow up.} (20... Nf6 21. Qb2 Bd7 22.
Bd4 Bf8 23. Rg3 Ne4 $11) 21. Re1 Qb6 $6 {Black is experiencing an elated
moment of optimism and believes that with the help of a direct attack against
the e3-pawn he can force an equal game. Objectively stronger was 21...Ba7!
with fair chances and it will probably be the theme of future games.} (21... d4
22. Bb2 Qd6 23. e4 (23. Kh1 dxe3 24. Bxh7+ Kh8 25. Rh3 Bd4 26. Bf5+ Nh6 27.
Bxd4 Qxd4 28. Rhxe3 Rxe3 29. Nxe3 Bxf5 30. Nxf5 Qxf4 31. Nxh6 Qxh6 $11) 23...
Ba7 24. h3 $14) (21... Ba7 $1 22. Rh3 Nxe3 23. Rhxe3 Rxe3 24. Rxe3 Qxf4 25. Qf2
Qxf2+ 26. Kxf2 Bg4 27. Kg3 Bxe3 28. Nxe3 Be6 $11) 22. b4 (22. Bxh7+ $1 Kf8 (
22... Kh8 23. Rh3 Nh6 (23... Nxe3 24. Bg8+ Kxg8 25. Qh7+ Kf8 26. Qxg7+ Ke7 27.
Rhxe3+ Kd8 28. Qxf7 $18) 24. Rg3 d4 25. Ba1 Bd7 26. b4 Qxb4 27. Rb1 Qa5 28.
Rxb7 Ra7 29. Rxa7 Bxa7 30. Bd3 $16) 23. Qb2 Nf6 24. Bxf6 Qxf6 25. Qxf6 gxf6 26.
Rg3 $14) 22... Bxe3+ $2 {[%mdl 16384] The charm of chess games lies
paradoxically in the imperfect decisions of the proponents. This is true to a
smaller degree even for the best player in the world. Black is jumping the gun
and his adversary is better prepared for the complications.} (22... Be7 23. Bd4
$14) (22... Bxb4 23. Rb1 a5 24. a3 Nxe3 25. Nxe3 Rxe3 26. Qf2 d4 27. axb4 Rxf3
28. gxf3 $18) 23. Nxe3 Nxe3 24. Qf2 $1 d4 25. Bxd4 Qxd4 26. Rfxe3 Rxe3 $6 {
Shimanov has played several moves that have brought him close to disaster. It
is remarkable that at this moment he could still transfer the game into the
difficult, but not necessarily lost position with this defence against the
white queen.} (26... Re6 $5 27. Bxh7+ (27. a3 g6 28. Be4 Qf6 $14) 27... Kxh7
28. Rh3+ Kg8 29. Qxd4 Rxe1+ 30. Kf2 Bxh3 31. Kxe1 Bxg2 32. Kf2 Bc6 $16) 27.
Rxe3 Qd7 (27... Be6 28. f5 $18) 28. Qh4 h6 (28... g6 29. f5 Qc6 30. Qd8+ Kg7
31. Re8 Qc1+ 32. Bf1 Qf4 33. Rg8+ Kh6 34. Qf8+ Kg5 35. Qxf7 $18) 29. f5 b5 (
29... f6 30. Bc4+ Kf8 31. Qe4 Ra7 32. b5 axb5 33. Be6 Ra4 34. Bxd7 Rxe4 35.
Rxe4 Bxd7 36. Rf4 $16) 30. f6 $1 {The defender is grappling with two problems
which are diminishing his chances of survival. He is lacking defenders on the
kingside and on top of it all still needs to complete his mobilisation.} Bb7 (
30... Qa7 31. Qg3 g5 32. h4 $18) 31. Qg3 g6 (31... g5 32. h4 Qd5 33. Kh2 Rd8
34. Be4 Qd7 35. hxg5 $18) 32. Bxg6 Kh8 $2 {The clumsy retreat of the king
indicates that Black probably had to lose the game. Despite all his problems,
Black was still able to put up resistance in a difficult position without the
lost pawn.} (32... Qd1+ 33. Re1 (33. Kf2 $2 Qd2+ 34. Re2 Qd4+ 35. Ke1 Kf8 36.
Bh7 Qg1+ 37. Kd2 Qd4+ $11) 33... Qd4+ 34. Kh1 Kh8 35. Bxf7 Qxf6 36. Bb3 Rf8 37.
h3 $16) 33. Bd3 Rg8 34. Qh4 Rxg2+ (34... Qxd3 35. Rxd3 Rg6 36. Rg3 $18) 35. Kf1
{The final position is materially balanced, but Black goes under due to the
fatal weakness of his king.} (35. Kf1 Kg8 (35... Rg4 36. Qxh6+ Kg8 37. Bh7+ Kh8
38. Bg6+ Kg8 39. Qh7+ Kf8 40. Qh8#) 36. Rg3+ Rxg3 37. Qxg3+ $18) 1-0

[Event "Munich SKA"]
[Site "Munich"]
[Date "1992.??.??"]
[Round "10"]
[White "Huebner, Robert"]
[Black "Gurevich, Mikhail"]
[Result "1-0"]
[WhiteElo "2615"]
[BlackElo "2635"]
[Annotator "Ftacnik,L"]
[PlyCount "41"]
[EventDate "1992.05.??"]
[EventType "tourn"]
[EventRounds "11"]
[EventCountry "GER"]
[EventCategory "14"]
[SourceTitle "CBM 030"]
[Source "ChessBase"]
[SourceDate "1992.10.01"]
[SourceVersion "1"]
[SourceVersionDate "1992.10.01"]
[SourceQuality "1"]

1. d4 d5 2. c4 c6 3. Nc3 Nf6 4. Nf3 e6 5. e3 Nbd7 6. Qc2 Bd6 7. Be2 O-O 8. O-O
Qe7 9. e4 dxe4 10. Nxe4 Nxe4 11. Qxe4 e5 12. Bg5 f6 13. Bd3 g6 (13... fxg5 14.
Qxh7+ Kf7 15. Qh5+ $1 Ke6 16. Nxg5+ Qxg5 17. Qxg5 $18) 14. Bh6 f5 $2 (14... Re8
15. c5 Bc7 $13) 15. Bxf8 Kxf8 16. Qe3 e4 17. c5 $1 Nxc5 (17... Bc7 18. Rfe1 Nf6
(18... Qg7 19. Bc4 exf3 20. Qe8#) (18... Qf6 19. Ng5 exd3 20. Nxh7+ $18) (18...
Bd8 19. Bc4 exf3 20. Qh6+ Qg7 21. Re8+ Kxe8 22. Qxg7 $18) 19. Bc4 $18) 18. dxc5
Bxc5 19. Qc1 $1 Be6 (19... exd3 20. Re1 Qd6 (20... Be6 21. Ng5 $18) 21. Qh6+
Kg8 22. Ng5 Qd7 23. Re8+ $1 Qxe8 24. Qxh7+ Kf8 25. Qh8+ Ke7 26. Re1+ Be6 27.
Rxe6+ Kd7 28. Rxe8 Rxe8 29. Qc3 $1 $18) (19... exf3 20. Re1 Qd6 (20... Be6 21.
Rxe6 (21. Bc4 $2 Bxf2+ 22. Kxf2 Qc5+) 21... Qxe6 22. Qxc5+ $18) 21. Qh6+ Kf7 (
21... Kg8 22. Bc4+ Be6 23. Rxe6 Bxf2+ 24. Kf1 $1 fxg2+ 25. Kxg2 $18) 22. Qxh7+
$1 Kf6 23. Qh8+ Kg5 24. h4+ Kg4 (24... Kf4 25. Qh6+ Kg4 26. Qg5#) 25. gxf3+
Kxf3 26. Be2+ Ke4 27. Bd1+ Kd5 (27... Kf4 28. Qh6+) 28. Bb3#) (19... Qd6 20.
Bc4 exf3 21. Qh6+ Ke8 22. Rfe1+ Kd8 23. Rad1 Bd4 24. Qh4+ $18) (19... Bb6 20.
Re1 Qg7 21. Bc4 $5 exf3 22. Qf4 Bc7 23. Qe3 $16) 20. Bc4 exf3 (20... Bxc4 21.
Qxc4 exf3 22. Rfe1 Qd6 23. Rad1 $18) 21. Bxe6 {Ftacnik,L} 1-0

[Event "Leon"]
[Site "Leon"]
[Date "1992.??.??"]
[Round "4"]
[White "Garcia Ilundain, David"]
[Black "Illescas Cordoba, Miguel"]
[Result "0-1"]
[WhiteElo "2420"]
[BlackElo "2555"]
[Annotator "Ftacnik,L"]
[PlyCount "71"]
[EventDate "1992.04.??"]
[EventType "tourn"]
[EventRounds "9"]
[EventCountry "ESP"]
[EventCategory "11"]
[SourceTitle "CBM 031"]
[Source "ChessBase"]
[SourceDate "1992.12.01"]
[SourceVersion "1"]
[SourceVersionDate "1992.12.01"]
[SourceQuality "1"]

1. d4 Nf6 2. c4 c6 3. Nc3 d5 4. Nf3 e6 5. e3 Nbd7 6. Qc2 Bd6 7. g4 Nxg4 8. Rg1
Nxh2 (8... f5 9. h3 Ngf6 10. Rxg7 Ne4 $13 {Kasparov,G}) (8... h5 9. h3 Nh6 10.
e4 dxe4 11. Nxe4 Bb4+ 12. Bd2 Bxd2+ 13. Qxd2 $44 {Shirov,A-Akopian/Oakham/1992/
}) 9. Nxh2 Bxh2 10. Rxg7 Nf8 (10... Kf8 11. Rg2 Bd6 12. Bd2 $44 {Shirov,A}) 11.
Rg2 (11. f4 $2 Qh4+ 12. Qf2 Qxf2+ 13. Kxf2 Ng6 14. Kg2 Kf8 15. Rxg6 hxg6 $17)
11... Bd6 (11... Bc7 12. e4 Ng6 13. Bg5 f6 14. Bh6 Nh4 15. O-O-O Nxg2 16. Bxg2
dxc4 17. Bf3 Qe7 18. Bh5+ Kd8 19. e5 $16 {Djurhuus-Groon/Oslo/1992/}) 12. Bd2
Bd7 13. O-O-O a6 14. e4 Rc8 15. Re1 Be7 16. f4 b5 17. c5 dxe4 18. Nxe4 f5 19.
Nd6+ $6 (19. Be2 $1 $44 fxe4 20. Bh5+ Ng6 21. Qxe4 $40) 19... Bxd6 20. cxd6 Kf7
21. Kb1 (21. Be2 Ng6 22. Bh5 Qh4 $15) 21... Rg8 22. Rxg8 Kxg8 23. Qc5 Ng6 24.
Bd3 (24. Qa7 Ra8 25. Qb7 a5 $13) 24... a5 25. Bc2 a4 26. Rg1 Ra8 (26... Rb8 $1)
27. Bc3 Rb8 28. d5 (28. Qe5 b4) 28... Qb6 (28... cxd5 29. Qd4 Qf8 30. Qh8+ Kf7
31. Qxh7+ $18) 29. Qxb6 Rxb6 30. Bd4 Rb8 31. dxc6 (31. dxe6 Bxe6 32. Re1 Kf7
$17) 31... Bxc6 32. Be5 Kf7 33. Kc1 h5 34. Kd2 h4 35. Bd1 Nxe5 36. fxe5 {
Ftacnik,L} (36. fxe5 h3 37. Bh5+ Kf8 $19) 0-1

[Event "Tilburg"]
[Site "Tilburg"]
[Date "1994.??.??"]
[Round "2"]
[White "Akopian, Vladimir Eduardovic"]
[Black "Sveshnikov, Evgeny"]
[Result "1-0"]
[WhiteElo "2630"]
[BlackElo "2585"]
[Annotator "Ftacnik,L"]
[PlyCount "91"]
[EventDate "1994.09.??"]
[EventType "k.o."]
[EventRounds "7"]
[EventCountry "NED"]
[SourceTitle "CBM 044"]
[Source "ChessBase"]
[SourceDate "1995.02.01"]
[SourceVersion "1"]
[SourceVersionDate "1995.02.01"]
[SourceQuality "1"]

1. d4 d5 2. c4 e6 3. Nc3 c6 4. e3 Nd7 5. Qc2 Ngf6 6. Nf3 Bd6 7. g4 Nxg4 8. Rg1
Qf6 9. Rxg4 Qxf3 10. Rxg7 Nf6 (10... Nf8 $5 11. Rg1 Ng6 12. Be2 Qf6 13. Bd2 Bd7
14. O-O-O Bxh2 15. Rg2 Bc7 16. Kb1 $2 (16. f4 O-O-O 17. Rh1 $44) 16... Nh4 17.
Rgg1 Nf3 18. Bxf3 Qxf3 $17 {Mozetic-Piket,Je/Tilburg/1994/}) 11. Rg5 $5 (11.
Rg1) 11... Ng4 $6 (11... Ne4 12. Nxe4 Qxe4 13. Qxe4 dxe4 14. h3 $14) (11... Qh1
12. Bd2 Qxh2 13. O-O-O $36) 12. h3 Nh2 (12... Nh6 13. cxd5 exd5 14. Bg2 Qf6 15.
e4 $16) 13. Bg2 Qf6 14. f4 (14. e4 Nf3+ 15. Bxf3 Qxf3 $13) 14... Bd7 (14... h6
$2 15. Rg3 Qh4 16. Qf2 $18) 15. Bh1 Qh6 (15... O-O-O 16. Rg3 e5 $5 17. Qxh2
exd4 $132) 16. Qg2 $1 (16. Rg3 Be7 17. Qxh2 Bh4 18. Kd1 Bxg3 19. Qxg3 O-O-O 20.
Bd2 Rhg8 $132) 16... O-O-O (16... Be7 17. Rg8+ Rxg8 18. Qxg8+ Qf8 19. Qg3 $18)
17. Bd2 Qh4+ 18. Qg3 (18. Kd1 h6 $5 19. Be1 Qxh3 $3 20. Qxh3 hxg5 21. Qg3 gxf4
$13) 18... Qxg5 $6 (18... Qxg3+ 19. Rxg3 Rdg8 20. Kf2 Be7 21. Kg2 Bh4 22. Be1 (
22. Rxg8+ Rxg8+ 23. Kxh2 Bg3+ 24. Kg2 Be1+) 22... Bxg3 23. Bxg3 Ng4 24. hxg4
Rxg4 25. Kf2 $16) 19. Qxg5 Rhg8 20. Ke2 $1 (20. Qh5 Rg1+ 21. Kf2 Rxa1 22. Bg2
f5 $13) (20. Qf6 $5 Rg1+ 21. Kf2 Rxa1 22. Bg2 Rg8 23. Qxf7 Rxg2+ 24. Kxg2 Nf1
25. Qg8+ Kc7 26. c5 Be7 27. Qxh7 Kd8 28. Qc2 Re1 29. Qd3 Ra1 30. Qxf1 Rxf1 31.
Kxf1 $18) 20... Rxg5 21. fxg5 e5 (21... dxc4 22. Ne4 Bc7 23. Nf6 $18) 22. cxd5
exd4 23. dxc6 d3+ (23... bxc6 24. exd4 Bxh3 25. Bxc6 Bg4+ 26. Kd3 Nf3 $16) 24.
Kxd3 bxc6 25. Bg2 $1 Rg8 26. Ne4 Bf5 27. Ke2 Be5 (27... Bxe4 28. Bxe4 Rxg5 29.
Bxc6 $18) 28. Rc1 Bxe4 29. Bxe4 Rxg5 30. Rxc6+ Kb8 31. Rc5 f6 32. Bc3 h5 33.
Bxe5+ (33. h4 Rg4 34. Rxe5 $1 fxe5 35. Bxe5+ Kc8 36. Bf5+ $18) 33... fxe5 34.
Rb5+ Kc7 35. Rb7+ Kd6 36. Rxa7 Rg3 37. Ra6+ Kc5 38. Rc6+ Kb4 39. Rc1 Rxh3 40.
Rh1 Rh4 41. Kd3 Rh3 42. Bg2 Rh4 43. e4 $18 Kc5 44. Kc3 Kb5 45. b3 Kc5 46. a4
1-0

[Event "Interzonal-16"]
[Site "Biel"]
[Date "1993.??.??"]
[Round "7"]
[White "Lima, Darcy Gustavo Macha"]
[Black "Lesiege, Alexandre"]
[Result "1-0"]
[WhiteElo "2475"]
[BlackElo "2485"]
[Annotator "Ftacnik,L"]
[PlyCount "45"]
[EventDate "1993.07.16"]
[EventType "swiss"]
[EventRounds "13"]
[EventCountry "SUI"]
[SourceTitle "CBM 037"]
[Source "ChessBase"]
[SourceDate "1993.12.01"]
[SourceVersion "1"]
[SourceVersionDate "1993.12.01"]
[SourceQuality "1"]

1. d4 d5 2. c4 e6 3. Nf3 c6 4. e3 Nf6 5. Nc3 Nbd7 6. Qc2 Bd6 7. g4 O-O 8. g5
Nh5 9. Bd2 a6 (9... b5 10. cxb5 c5 11. Be2 Bb7 12. O-O-O g6 13. Kb1 Rc8 14. h4
Qe7 15. Bc1 (15. Rc1 Rfd8 16. dxc5 Nxc5 17. Nd4 Ng7 18. f4 Nf5 19. Bf3 Ne4 20.
Nxf5 exf5 21. Bxe4 dxe4 22. h5 Qe6 23. hxg6 fxg6 24. Qa4 $13 {Lesiege,
A-O'Donnell,T/Canada zt (03)/1992/0.5 (31)}) 15... Rfd8 16. Rh3 Bb8 17. b3 e5
18. dxe5 Nxe5 19. Nxe5 Bxe5 20. Bb2 d4 21. Na4 Bg2 22. Bg4 Rc7 23. Rf3 Bg7 24.
Bxh5 {Gurevich,D-Lesiege,A/Biel izt (12)/1993/0.5 (61)}) (9... f5 10. gxf6
Nhxf6 $1 11. Ng5 Qe8 12. O-O-O h6 13. h4 Bb4 $1 14. Bd3 $1 Bxc3 15. Bxc3 hxg5
16. hxg5 Ne4 17. Bxe4 dxe4 18. Qxe4 Rf5 $8 19. Qh4 Qg6 20. Qh8+ $1 Kf7 21. f4
Nf8 22. Qh4 $1 Ke8 23. e4 Rf7 24. Rhe1 {Shirov,A-Thorhallsson,Th/Reykjavik/
1992/1-0 (38)}) 10. e4 dxc4 $6 (10... dxe4 11. Nxe4 Bc7 12. O-O-O Re8 13. Bd3
$5) 11. e5 Be7 12. Bxc4 c5 13. Ne4 cxd4 14. Ng3 $1 g6 (14... Nxg3 15. hxg3 g6
16. Qe4 Nb6 17. Bb3 $16) 15. Nxh5 gxh5 16. Bd3 Nc5 17. Bxh7+ Kg7 18. b4 d3 (
18... Nd7 19. Rg1 $40) 19. Qc4 Qd5 (19... Kxh7 20. bxc5 Qd5 21. Qf4 $40) 20.
Qf4 Bd7 (20... Kxh7 21. bxc5 Kg8 22. Rg1 $18) 21. Kf1 Rg8 (21... Kxh7 22. g6+
Kg8 23. Qh6 fxg6 24. Qxg6+ Kh8 25. Qxh5+ Kg8 26. Rg1+ $18) 22. g6 fxg6 23. Bxg6
(23. Bxg6 Rh8 24. Qf7#) 1-0

[Event "Dortmund op-A"]
[Site "Dortmund"]
[Date "1992.??.??"]
[Round "3"]
[White "Grivas, Efstratios"]
[Black "Kramnik, Vladimir"]
[Result "0-1"]
[WhiteElo "2465"]
[BlackElo "2590"]
[Annotator "Ftacnik,L"]
[PlyCount "50"]
[EventDate "1992.04.??"]
[EventType "swiss"]
[EventRounds "11"]
[EventCountry "GER"]
[SourceTitle "CBM 029"]
[Source "ChessBase"]
[SourceDate "1992.08.01"]
[SourceVersion "1"]
[SourceVersionDate "1992.08.01"]
[SourceQuality "1"]

1. d4 {Anand} d5 2. c4 e6 3. Nf3 c6 4. e3 Nf6 5. Nc3 Nbd7 6. Qc2 Bd6 7. Be2 O-O
8. O-O Re8 9. b3 (9. Bd2 b6 10. e4 dxe4 11. Nxe4 Nxe4 12. Qxe4 Bb7 13. Bc3 Qc7
14. Rad1 e5 $1 (14... Rad8 15. Rfe1 c5 16. Qh4 Be7 17. Qg3 Qxg3 18. hxg3 Bf6
$10 {Horvath,J-Kaidanov,G/Budapest Perenyi/1989/}) 15. Qh4 h6 16. Bd3 exd4 17.
Nxd4 Be5 $10 {Hjartarson,J-Tal,M/Reykjavik/1988/}) 9... Qe7 10. Bb2 (10. e4
dxe4 11. Nxe4 Nxe4 12. Qxe4 e5 $1 $10) (10. Rd1 {Anand} b6 (10... dxc4 11. bxc4
e5 12. a4) 11. e4 dxe4 12. Nxe4 Nxe4 13. Qxe4 Bb7 14. Bg5 $5) 10... b6 11. e4 (
11. Rfd1 {Anand} Bb7 {/\c5}) 11... dxe4 12. Nxe4 Nxe4 13. Qxe4 Bb7 14. Bd3 $6 (
14. Rad1 $10) (14. Ne5 $1 {Anand}) 14... f5 $1 15. Qe2 (15. Qh4 Qxh4 16. Nxh4
c5 $15) 15... c5 16. Rad1 $6 (16. dxc5 Bxc5 17. Kh1 (17. Ne5 Qg5 18. Nf3 Qh5
$17) 17... Nf6 18. Ne5 $13) (16. Ne5 {Anand} cxd4 17. Bxd4 Nc5 $13) 16... cxd4
17. Nxd4 (17. Bxd4 $2 e5 $19) 17... Qh4 $1 18. g3 (18. f4 Bxf4 19. g3 Bxg3 $19)
(18. h3 {Anand} Nc5) 18... Qh3 19. f3 (19. Nf3 Be5 20. Ba3 Bf6 $17) 19... Bc5
20. Kh1 Nf6 21. Nc2 $6 (21. Qg2 $5 Qxg2+ 22. Kxg2 Rad8 23. Nc2 $17) 21... e5
22. Qg2 (22. Bxe5 Ng4 $19 (22... Ng4 {Anand} 23. Bxf5 Rxe5 $19)) 22... Qxg2+
23. Kxg2 e4 24. fxe4 (24. Be2 exf3+ 25. Bxf3 Re2+ $19) 24... Nxe4 25. Kh3 Rad8
$1 {Ftacnik,L} (25... Nf2+ 26. Rxf2 Bxf2 $19) 0-1